Teoria del drama modern (1880-1950) / Peter Szondi ; traducció de Mercè Figueras
Descripción Física:
123 p. ; 22 cm
Colección:
Monografies de teatre ; 27
Otros Autores:
Figueras, Mercè
Materias:
Drama -- S. XIX/XX -- Història i crítica
MARC
| LEADER | 00000nam a2200000Ia 4500 | ||
|---|---|---|---|
| 001 | 8372 | ||
| 008 | 160829s1988 xx 000 0 cat d | ||
| 080 | |a B-1-185 | ||
| 100 | |a Szondi, Peter |9 34779 | ||
| 245 | |a Teoria del drama modern (1880-1950) / Peter Szondi ; traducció de Mercè Figueras | ||
| 260 | |a Barcelona : |b Institut del Teatre de la Diputació de Barcelona, |c 1988 | ||
| 300 | |a 123 p. ; |c 22 cm | ||
| 490 | |a Monografies de teatre ; 27 | ||
| 650 | |a Drama |x S. XIX/XX |x Història i crítica |9 34780 | ||
| 700 | 1 | |a Figueras, Mercè |9 20052 | |
| 710 | 1 | |a Institut del Teatre (Barcelona, Catalunya) |9 52662 | |
| 901 | |a Arxiu | ||
| 942 | |n 1 | ||
| 952 | |0 0 |1 0 |4 0 |6 B1185 |7 1 |9 46638 |a Arxiu |b Arxiu |d 2016-12-01 |l 0 |o B-1-185 |p 8372 |r 2016-12-01 00:00:00 |w 2016-12-01 |y ARXIU | ||
| 999 | |c 50431 |d 50431 | ||